[Event "6th Asia-ch"]
[Site "Cebu City PHI"]
[Date "2007.09.25"]
[Round "7.30"]
[White "Al-Sayed, Mohamad Naser"]
[Black "Russell, Majwuana Kankanamge Athula"]
[Result "1-0"]
[WhiteElo "2469"]
[BlackElo "2220"]
[EventDate "2007.09.19"]
[PlyCount "69"]

1.e4 c6 2.d4 d5 3.Nd2 dxe4 4.Nxe4 Bf5 5.Ng3 Bg6 6.Nf3 Nf6 7.h4 h6 8.Ne5 
Bh7 9.Bd3 Bxd3 10.Qxd3 e6 11.Bd2 Nbd7 12.f4 Qc7 13.O-O-O Be7 14.Rhe1 Rd8 
15.Qf3 O-O 16.f5 Bd6 17.fxe6 fxe6 18.Qb3 Nd5 19.Ne4 Bxe5 20.dxe5 b5 21.Qh3
Rde8 22.Nd6 Re7 23.Qg3 b4 24.Rf1 Rb8 25.Bxh6 Nc5 26.Rd4 Na4 27.Qg6 Nac3 
28.Kd2 Nb5 29.Ne4 Qxe5 30.Rd3 Nd6 31.Nxd6 Qxd6 32.Kc1 Qe5 33.Rdf3 Qc7 34.
Bg5 Ree8 35.Rf7 1-0

[Event "6th Asia-ch"]
[Site "Cebu City PHI"]
[Date "2007.09.25"]
[Round "7.33"]
[White "Lanka, Ravi"]
[Black "Bagamasbad, Efren"]
[Result "0-1"]
[WhiteElo "2404"]
[BlackElo "2331"]
[EventDate "2007.09.19"]
[PlyCount "114"]

1.d4 Nf6 2.Nf3 e6 3.c4 Bb4+ 4.Nbd2 b6 5.a3 Bxd2+ 6.Qxd2 Bb7 7.b4 O-O 8.g3 
Be4 9.Bb2 c6 10.Bh3 d5 11.c5 Nbd7 12.O-O h6 13.Qc3 b5 14.a4 a6 15.Ra3 Bxf3
16.exf3 Ne8 17.Rfa1 Nc7 18.Bf1 Qe7 19.axb5 axb5 20.Ra7 Rxa7 21.Rxa7 Rc8 
22.Bc1 Qd8 23.Bf4 Ne8 24.Qa1 g5 25.Be3 Rc7 26.f4 Rxa7 27.Qxa7 f6 28.fxg5 
hxg5 29.Bh3 Kf7 30.f4 gxf4 31.Bxf4 Qc8 32.Bg4 Ng7 33.h4 f5 34.Be2 Kg6 35.
Kg2 Qe8 36.Qc7 Nf6 37.Be5 Ngh5 38.Qb7 Ng4 39.Bxb5 Nxe5 40.dxe5 cxb5 41.c6 
Qh8 42.Qe7 Qxe5 43.Qg5+ Kf7 44.Qxh5+ Kg7 45.Qg5+ Kf7 46.Qc1 Qc7 47.Qc5 d4 
48.Qxb5 d3 49.Kf2 Qa7+ 50.Kf3 Qd4 51.Qb7+ Kf6 52.Qd7 Qe4+ 53.Kf2 Qe2+ 54.
Kg1 d2 55.Qd8+ Ke5 56.Qc7+ Kd4 57.Qf4+ Kd5 0-1

[Event "6th Asia-ch"]
[Site "Cebu City PHI"]
[Date "2007.09.25"]
[Round "7.34"]
[White "Djinh Djuc Trong"]
[Black "Fancy, Stuart"]
[Result "1-0"]
[WhiteElo "2354"]
[BlackElo "2152"]
[EventDate "2007.09.19"]
[PlyCount "47"]

1.g3 g6 2.Bg2 Bg7 3.Nf3 e5 4.O-O d6 5.d3 Ne7 6.Nbd2 Nbc6 7.c3 O-O 8.e4 Bg4
9.h3 Be6 10.Ng5 Bc8 11.f4 b5 12.fxe5 Nxe5 13.d4 h6 14.Ngf3 Nd3 15.Nb3 Nxc1
16.Rxc1 Bb7 17.Qd3 a5 18.Rf2 b4 19.Nbd2 Ba6 20.Qe3 d5 21.Ne5 f6 22.Nef3 f5
23.exd5 bxc3 24.bxc3 1-0

[Event "6th Asia-ch"]
[Site "Cebu City PHI"]
[Date "2007.09.25"]
[Round "7.35"]
[White "Bayarmandah, Balgan"]
[Black "Maga, Mirabeau"]
[Result "1-0"]
[WhiteElo "2208"]
[BlackElo "2361"]
[EventDate "2007.09.19"]
[PlyCount "135"]

1.d4 Nf6 2.c4 g6 3.g3 Bg7 4.Bg2 O-O 5.e4 d6 6.Ne2 Nc6 7.O-O e5 8.d5 Ne7 9.
Nbc3 Nd7 10.Be3 f5 11.Qd2 a5 12.Rae1 Rf7 13.b3 Nf6 14.f3 Bd7 15.c5 Be8 16.
Nc1 fxe4 17.fxe4 Ng4 18.Nd3 Nxe3 19.Qxe3 Bd7 20.Rxf7 Kxf7 21.Na4 Nc8 22.h4
b5 23.Nc3 b4 24.c6 Bxc6 25.dxc6 bxc3 26.Nf2 Ne7 27.Qxc3 Kg8 28.Qc4+ Kh8 
29.Nh3 Qg8 30.Qb5 Qb8 31.Bf1 Bh6 32.a4 Qa7+ 33.Kh2 Rf8 34.Bg2 Qa8 35.Rf1 
Rxf1 36.Bxf1 Nxc6 37.Qd5 Qf8 38.Bg2 Nd4 39.Qxa5 Qb8 40.b4 Nc6 41.Qd5 Nxb4 
42.Qf7 Na6 43.Ng5 Bxg5 44.hxg5 Qg8 45.Qf6+ Qg7 46.Bf1 Qxf6 47.gxf6 Nb8 48.
a5 Nc6 49.a6 Na7 50.Bc4 h6 51.Kh3 Kh7 52.Kg4 c6 53.Be6 Nb5 54.Bf7 Na7 55.
Kf3 h5 56.Ke3 Kh6 57.Be6 g5 58.Bf7 h4 59.Kf2 hxg3+ 60.Kxg3 d5 61.exd5 cxd5
62.Bxd5 Kg6 63.f7 Kg7 64.Kf3 Kf8 65.Ke4 Nb5 66.Kxe5 g4 67.Ke4 Ke7 68.Bb3 
1-0

[Event "6th Asia-ch"]
[Site "Cebu City PHI"]
[Date "2007.09.25"]
[Round "7.36"]
[White "Yueh Wei Po"]
[Black "Senador, Emmanuel"]
[Result "0-1"]
[WhiteElo "2044"]
[BlackElo "2380"]
[EventDate "2007.09.19"]
[PlyCount "68"]

1.d4 c5 2.d5 g6 3.c4 Nf6 4.Nc3 Bg7 5.e4 d6 6.h3 O-O 7.Nf3 e6 8.Bd3 exd5 9.
cxd5 Re8 10.O-O Na6 11.Re1 Nc7 12.a4 a6 13.Bf4 Rb8 14.a5 b5 15.axb6 Rxb6 
16.Na4 Rb4 17.Bd2 Rb8 18.Ba5 Nd7 19.Nd2 Ne5 20.Bf1 g5 21.Nb6 Bd7 22.Nxd7 
Qxd7 23.Bxc7 Qxc7 24.Rxa6 Rxb2 25.Qa4 Reb8 26.Nc4 Nxc4 27.Bxc4 Bd4 28.Rf1 
Qe7 29.Ra8 Rxa8 30.Qxa8+ Kg7 31.Bd3 Qf6 32.Qc8 Rxf2 33.Rxf2 Qxf2+ 34.Kh2 
Be5+ 0-1

[Event "6th Asia-ch"]
[Site "Cebu City PHI"]
[Date "2007.09.26"]
[Round "8.4"]
[White "Utut Adianto"]
[Black "Zhou Jianchao"]
[Result "1/2-1/2"]
[WhiteElo "2583"]
[BlackElo "2572"]
[EventDate "2007.09.19"]
[PlyCount "57"]

1.d4 d5 2.c4 c6 3.Nf3 Nf6 4.Nc3 dxc4 5.a4 Bf5 6.Ne5 Nbd7 7.Nxc4 Qc7 8.g3 
e5 9.dxe5 Nxe5 10.Bf4 Nfd7 11.Bg2 g5 12.Bxe5 Nxe5 13.Qd4 f6 14.O-O-O Be7 
15.Ne3 Bg6 16.Be4 Qb6 17.Bxg6+ hxg6 18.Qe4 Qb4 19.Rd4 Qb3 20.f4 gxf4 21.
gxf4 Rh4 22.Rhd1 Kf7 23.Ng2 Rg4 24.h3 Rxg2 25.fxe5 Rg3 26.exf6 Rxc3+ 27.
bxc3 Qxc3+ 28.Qc2 Qa1+ 29.Qb1 1/2-1/2

[Event "6th Asia-ch"]
[Site "Cebu City PHI"]
[Date "2007.09.26"]
[Round "8.5"]
[White "Al-Modiahki, Mohamad"]
[Black "Deepan Chakravarthy, Jeyakumar"]
[Result "1-0"]
[WhiteElo "2563"]
[BlackElo "2479"]
[EventDate "2007.09.19"]
[PlyCount "77"]

1.e4 e5 2.Nf3 Nc6 3.Bb5 a6 4.Ba4 Nf6 5.O-O Be7 6.Re1 b5 7.Bb3 O-O 8.h3 Bb7
9.d3 d6 10.a3 Qd7 11.Nbd2 Nd8 12.Nf1 Ne6 13.Ng3 Rfe8 14.c3 c5 15.d4 exd4 
16.cxd4 d5 17.e5 Ne4 18.Nf5 Bf8 19.Be3 Rad8 20.Bc2 cxd4 21.N5xd4 g6 22.a4 
Bb4 23.Re2 N6c5 24.axb5 axb5 25.Bb1 Ne6 26.Bd3 Nxd4 27.Nxd4 Rxe5 28.Bxb5 
Qe7 29.Ra7 Ng3 30.fxg3 Rxe3 31.Rxb7 Qxb7 32.Rxe3 Bc5 33.Ba4 Qxb2 34.Rd3 
Rb8 35.Kh2 Qf2 36.Rd2 Qe3 37.Nc2 Qe4 38.Rxd5 Bf2 39.Qf3 1-0

[Event "6th Asia-ch"]
[Site "Cebu City PHI"]
[Date "2007.09.26"]
[Round "8.6"]
[White "Gopal, Geetha Narayanan"]
[Black "Sandipan, Chanda"]
[Result "1-0"]
[WhiteElo "2480"]
[BlackElo "2563"]
[EventDate "2007.09.19"]
[PlyCount "73"]

1.e4 c5 2.Nf3 d6 3.d4 cxd4 4.Nxd4 Nf6 5.Nc3 a6 6.Be3 e6 7.g4 e5 8.Nf5 g6 
9.g5 gxf5 10.exf5 d5 11.Qf3 Ne4 12.Nxe4 dxe4 13.Qxe4 Nc6 14.Bc4 Qd7 15.g6 
hxg6 16.fxg6 Qg4 17.Bxf7+ Ke7 18.Qxg4 Bxg4 19.Rg1 Rxh2 20.Bd5 Nb4 21.Be4 
Kf6 22.Rxg4 Nxc2+ 23.Bxc2 Rh1+ 24.Ke2 Rxa1 25.Rg3 Rh1 26.Rf3+ Kg7 27.Bg5 
e4 28.Bxe4 Re8 29.Rf7+ Kg8 30.Kf3 Bg7 31.Bd5 Kh8 32.Rxb7 Rf8+ 33.Kg2 Rd1 
34.Bf7 Be5 35.Bb3 Rxf2+ 36.Kxf2 Rh1 37.Rb8+ 1-0

[Event "6th Asia-ch"]
[Site "Cebu City PHI"]
[Date "2007.09.26"]
[Round "8.9"]
[White "Laylo, Darwin"]
[Black "Yap Kim, Steven"]
[Result "1-0"]
[WhiteElo "2486"]
[BlackElo "2246"]
[EventDate "2007.09.19"]
[PlyCount "105"]

1.c4 e5 2.Nc3 Nf6 3.g3 d5 4.cxd5 Nxd5 5.Bg2 Nb6 6.Nf3 Nc6 7.O-O Be7 8.a4 
a5 9.d3 Be6 10.Be3 Nd5 11.Nxd5 Bxd5 12.Rc1 O-O 13.Nd2 Bxg2 14.Kxg2 Nd4 15.
Bxd4 exd4 16.Qb3 Bb4 17.Ne4 Kh8 18.f4 f5 19.Ng5 Qd7 20.Qe6 Rad8 21.Qc4 
Rde8 22.Rf2 c5 23.Qc2 Rf6 24.Kg1 h6 25.Nf3 Rfe6 26.Ne5 Qd5 27.Rg2 g5 28.
Rd1 g4 29.Qc4 Qxc4 30.dxc4 Kg7 31.Kf2 Rd8 32.h3 gxh3 33.Rh2 Rdd6 34.Rxh3 
Rf6 35.Kf3 Rde6 36.Rh5 b6 37.g4 fxg4+ 38.Kxg4 Kh7 39.Rf5 Kg7 40.Rxf6 Kxf6 
41.Kf3 Ke7 42.Ke4 Rd6 43.f5 Kf6 44.Rg1 Bd2 45.Rg6+ Ke7 46.Rxd6 Kxd6 47.f6 
h5 48.Kf5 h4 49.Nf3 Bc1 50.Nxh4 Bxb2 51.Ng6 Bc1 52.f7 Bh6 53.Ke4 1-0

[Event "6th Asia-ch"]
[Site "Cebu City PHI"]
[Date "2007.09.26"]
[Round "8.12"]
[White "Ganguly, Surya Shekhar"]
[Black "Alavi Sayed, Javad"]
[Result "1/2-1/2"]
[WhiteElo "2586"]
[BlackElo "2493"]
[EventDate "2007.09.19"]
[PlyCount "107"]

1.e4 c6 2.d4 d5 3.Nd2 dxe4 4.Nxe4 Bf5 5.Ng3 Bg6 6.h4 h6 7.Nf3 Nd7 8.h5 Bh7
9.Bd3 Bxd3 10.Qxd3 e6 11.Bd2 Qc7 12.O-O-O O-O-O 13.Ne4 Ngf6 14.g3 Nxe4 15.
Qxe4 Bd6 16.c4 c5 17.d5 Nf6 18.Qc2 exd5 19.cxd5 Rhe8 20.Bc3 Qd7 21.Bxf6 
gxf6 22.Kb1 f5 23.Nh4 Re4 24.f3 Re5 25.f4 Re4 26.g4 Rxf4 27.Nxf5 Rxg4 28.
Rhf1 Bf8 29.d6 Rg5 30.Rd5 b6 31.Qe4 Kb8 32.Re5 Rxh5 33.Re1 Rc8 34.a4 Rg5 
35.Ne7 Rxe5 36.Qxe5 Rd8 37.Rd1 h5 38.Qd5 Qxd6 39.Nc6+ Qxc6 40.Qxd8+ Kb7 
41.Rd7+ Ka6 42.Qe8 Qg6+ 43.Ka1 Qc2 44.Rd8 Qc1+ 45.Ka2 Qc4+ 46.Kb1 Bg7 47.
Rd7 Qf1+ 48.Kc2 Qc4+ 49.Kb1 Qf1+ 50.Kc2 Bd4 51.Qe7 Qc4+ 52.Kb1 Qf1+ 53.Ka2
Qc4+ 54.Kb1 1/2-1/2

[Event "6th Asia-ch"]
[Site "Cebu City PHI"]
[Date "2007.09.26"]
[Round "8.15"]
[White "Antonio, Rogelio jr"]
[Black "Mahjoobzardast, Morteza"]
[Result "1-0"]
[WhiteElo "2532"]
[BlackElo "2479"]
[EventDate "2007.09.19"]
[PlyCount "109"]

1.e4 c5 2.Nf3 Nc6 3.Bb5 d6 4.O-O Bd7 5.Re1 Nf6 6.h3 g6 7.c3 Ne5 8.Bxd7+ 
Nfxd7 9.d4 Nxf3+ 10.Qxf3 cxd4 11.cxd4 Bg7 12.Be3 O-O 13.Nc3 Rc8 14.Rac1 
Nb8 15.Qd1 Qd7 16.Qd2 Nc6 17.b3 b6 18.d5 Na5 19.Ne2 e6 20.dxe6 fxe6 21.Bd4
Nb7 22.b4 Rxc1 23.Rxc1 Rc8 24.Rd1 Rc4 25.a3 Bxd4 26.Nxd4 b5 27.h4 a5 28.h5
Qe7 29.Qe3 Nd8 30.e5 d5 31.Qh3 g5 32.Qe3 Nc6 33.Nxc6 Rxc6 34.h6 Kf7 35.f4 
gxf4 36.Rf1 Ke8 37.Rxf4 Kd7 38.Qg3 Rc8 39.Rf6 Rf8 40.Qg7 Qxg7 41.hxg7 Rg8 
42.Rf7+ Kc6 43.Re7 d4 44.Rxe6+ Kd5 45.Re7 Ke4 46.Kf2 d3 47.Ke1 h5 48.Kd2 
h4 49.e6 Kf5 50.Kxd3 Kf6 51.Ra7 Kxe6 52.Ke4 Kf6 53.Kf4 Kg6 54.Kg4 Kh7 55.
Kxh4 1-0

[Event "6th Asia-ch"]
[Site "Cebu City PHI"]
[Date "2007.09.26"]
[Round "8.17"]
[White "Dimakiling, Oliver"]
[Black "Xu Jun"]
[Result "1/2-1/2"]
[WhiteElo "2500"]
[BlackElo "2574"]
[EventDate "2007.09.19"]
[PlyCount "63"]

1.Nf3 Nf6 2.c4 g6 3.Nc3 Bg7 4.d4 O-O 5.Bg5 h6 6.Bxf6 Bxf6 7.Qd2 Bg7 8.g3 
c5 9.Bg2 cxd4 10.Nxd4 Nc6 11.e3 d6 12.Nxc6 bxc6 13.Bxc6 Rb8 14.b3 Bh3 15.
Rc1 e6 16.Ne2 g5 17.Ng1 Bf5 18.Bg2 a5 19.Ne2 a4 20.b4 a3 21.O-O Qb6 22.b5 
d5 23.cxd5 Qxb5 24.e4 Bg6 25.d6 Rfd8 26.Rfd1 Bh5 27.Bf1 Qa4 28.Qd3 Be5 29.
d7 Kg7 30.Rc5 Bb2 31.Rc7 Be5 32.Rc5 1/2-1/2

[Event "6th Asia-ch"]
[Site "Cebu City PHI"]
[Date "2007.09.26"]
[Round "8.18"]
[White "Moradiabadi, Elshan"]
[Black "Bagheri, Amir"]
[Result "1/2-1/2"]
[WhiteElo "2540"]
[BlackElo "2495"]
[EventDate "2007.09.19"]
[PlyCount "73"]

1.e4 c6 2.Ne2 d5 3.e5 g6 4.d4 Bg7 5.Ng3 f6 6.f4 c5 7.dxc5 fxe5 8.Nc3 exf4 
9.Bxf4 Qa5 10.Qd2 Bxc3 11.Qxc3 Qxc3+ 12.bxc3 Nf6 13.c4 d4 14.Rd1 Nc6 15.
Be2 Bg4 16.Rb1 Bxe2 17.Kxe2 O-O-O 18.Rhf1 Nh5 19.Nxh5 gxh5 20.Rb3 Rhg8 21.
g3 Rdf8 22.Rfb1 e5 23.Bd2 Rf7 24.Rf3 Rxf3 25.Kxf3 Rf8+ 26.Ke2 e4 27.Bf4 
Rf5 28.c3 Rxc5 29.cxd4 Rxc4 30.Ke3 Nxd4 31.Kxe4 Ra4 32.Rb2 b6 33.Ke5 h4 
34.Kf6 hxg3 35.hxg3 h5 36.Rf2 Kb7 37.Kg6 1/2-1/2

[Event "6th Asia-ch"]
[Site "Cebu City PHI"]
[Date "2007.09.26"]
[Round "8.19"]
[White "Arun Prasad, Subramanian"]
[Black "Djao Thien Hai"]
[Result "0-1"]
[WhiteElo "2448"]
[BlackElo "2537"]
[EventDate "2007.09.19"]
[PlyCount "136"]

1.d4 d5 2.c4 c6 3.e3 Nf6 4.Nf3 g6 5.Bd3 Bg7 6.O-O O-O 7.Nc3 Nbd7 8.Qe2 Nb6
9.Ne5 dxc4 10.Nxc4 Be6 11.Na5 Rb8 12.Bd2 Nbd7 13.Na4 Nd5 14.b4 f5 15.Rac1 
Kh8 16.a3 N5f6 17.f3 Bg8 18.Bb1 Nd5 19.Kh1 e5 20.e4 fxe4 21.fxe4 Rxf1+ 22.
Qxf1 N5b6 23.Nb2 exd4 24.Nd3 Qe7 25.Bf4 Rf8 26.Qe1 Nf6 27.e5 Nfd5 28.Bd2 
Nd7 29.Nxb7 Nxe5 30.Na5 Ng4 31.Qxe7 Nxe7 32.Bg5 Bf6 33.Bf4 Bd5 34.Kg1 Ne3 
35.g3 Kg8 36.Bd6 N3f5 37.Bc5 Bg5 38.Nf4 Rf7 39.Re1 Bxf4 40.gxf4 Ne3 41.
Bxd4 Ng2 42.Re5 Nxf4 43.h4 Ne6 44.Bxa7 Rf4 45.Bf2 Kf7 46.Nb7 Kf6 47.Re3 
Nf5 48.Bxf5 gxf5 49.Nc5 Nxc5 50.bxc5 Re4 51.Rc3 Ra4 52.Re3 f4 53.Rd3 Kf5 
54.Rc3 Kg4 55.Kh2 Ra8 56.Kg1 Rb8 57.Rc1 Rb3 58.Kf1 Rxa3 59.Be1 Ra2 60.Bf2 
Ra3 61.Be1 Rh3 62.Rc3 Rh1+ 63.Kf2 Rxh4 64.Kg1 Rh1+ 65.Kf2 h5 66.Ra3 Rh2+ 
67.Kg1 Rc2 68.Rc3 Rb2 0-1

[Event "6th Asia-ch"]
[Site "Cebu City PHI"]
[Date "2007.09.26"]
[Round "8.20"]
[White "Li Chao"]
[Black "Tu Hoang Thong"]
[Result "1-0"]
[WhiteElo "2529"]
[BlackElo "2483"]
[EventDate "2007.09.19"]
[PlyCount "67"]

1.e4 e6 2.d4 d5 3.Nc3 Bb4 4.e5 b6 5.a3 Bf8 6.f4 Ne7 7.Nf3 h5 8.Bd3 Ba6 9.
Bxa6 Nxa6 10.Qd3 Nb8 11.Nd1 Nf5 12.Ne3 g6 13.c4 Nc6 14.cxd5 Nxe3 15.dxe6 
Nxg2+ 16.Kf2 Nh4 17.Qb5 Nxf3 18.Qxc6+ Ke7 19.Kxf3 fxe6 20.f5 Qd5+ 21.Qxd5 
exd5 22.Bg5+ Ke8 23.Bf6 Rg8 24.Rhg1 Kf7 25.Bh4 Bh6 26.e6+ Kf8 27.fxg6 Kg7 
28.e7 c5 29.Ke2 cxd4 30.Raf1 Rge8 31.Rf7+ Kg8 32.Bf6 Rac8 33.Rh7 Rc2+ 34.
Kf3 1-0

[Event "6th Asia-ch"]
[Site "Cebu City PHI"]
[Date "2007.09.26"]
[Round "8.21"]
[White "Paragua, Mark"]
[Black "Ardeshi, Mehrdad"]
[Result "1/2-1/2"]
[WhiteElo "2525"]
[BlackElo "2407"]
[EventDate "2007.09.19"]
[PlyCount "99"]

1.d4 d5 2.Nf3 c6 3.c4 Nf6 4.e3 Bg4 5.cxd5 cxd5 6.Qb3 Qb6 7.Qxb6 axb6 8.Nc3
Nc6 9.Bb5 Bd7 10.Bd2 Ra5 11.O-O e6 12.Be2 Bb4 13.a3 Bxc3 14.bxc3 Ne7 15.
Rfb1 Nc8 16.c4 Ra7 17.cxd5 exd5 18.Bb4 Bc6 19.Rc1 Ra8 20.Ne5 Na7 21.Rab1 
Nd7 22.Nxd7 Kxd7 23.e4 dxe4 24.d5 Bxd5 25.Rd1 Ke6 26.Bg4+ Ke5 27.Bc3+ Kd6 
28.Rxb6+ Kc7 29.Rb2 Be6 30.Bxe6 fxe6 31.Rbd2 Nc6 32.Rd7+ Kc8 33.Bxg7 Rd8 
34.Rxd8+ Nxd8 35.Bb2 Nc6 36.h4 Kc7 37.g4 Rf8 38.Kg2 Rf4 39.g5 Rxh4 40.Kg3 
Rh5 41.Bf6 b5 42.Rb1 Kb6 43.Re1 Kc5 44.Rc1+ Kd5 45.Rd1+ Kc5 46.Rd7 Rh1 47.
Kf4 Rh4+ 48.Ke3 b4 49.axb4+ Nxb4 50.g6 1/2-1/2

[Event "6th Asia-ch"]
[Site "Cebu City PHI"]
[Date "2007.09.26"]
[Round "8.22"]
[White "Sadorra, Julio"]
[Black "Yu Shaoteng"]
[Result "1/2-1/2"]
[WhiteElo "2421"]
[BlackElo "2524"]
[EventDate "2007.09.19"]
[PlyCount "89"]

1.Nf3 Nf6 2.c4 e6 3.Nc3 Bb4 4.g4 O-O 5.g5 Ne8 6.Qc2 b6 7.b3 Bb7 8.Bg2 d5 
9.Bb2 Be7 10.cxd5 exd5 11.Rg1 c5 12.Nh4 Bxg5 13.Nf5 Na6 14.O-O-O Nb4 15.
Qb1 Rc8 16.a3 Ba6 17.h4 Bf6 18.Nxd5 Nxd5 19.Bxd5 Kh8 20.Bf3 g6 21.Ne3 Bd4 
22.h5 Nf6 23.hxg6 fxg6 24.Rh1 Kg8 25.Rh4 Rc7 26.Rg1 Rg7 27.Qa1 Bxb2+ 28.
Qxb2 Qd6 29.Nc4 Qe6 30.Qc3 Rd8 31.Rg5 Nd5 32.Qd3 Rgd7 33.Bg4 Qf6 34.Bxd7 
Qxg5 35.Rg4 Nf4 36.Qe4 Qd5 37.Qxf4 Qxd7 38.Ne5 Qe6 39.Qe3 Qe8 40.Rg5 Qf7 
41.f4 Bc8 42.Rg1 Rf8 43.Qd3 Qf5 44.Qd6 Qxf4 45.Rxg6+ 1/2-1/2

[Event "6th Asia-ch"]
[Site "Cebu City PHI"]
[Date "2007.09.26"]
[Round "8.23"]
[White "Wang Rui"]
[Black "Samhouri, Ahmad"]
[Result "1-0"]
[WhiteElo "2482"]
[BlackElo "2362"]
[EventDate "2007.09.19"]
[PlyCount "83"]

1.d4 d5 2.Nf3 Nf6 3.c4 c6 4.Nc3 a6 5.a4 e6 6.g3 dxc4 7.Bg2 c5 8.dxc5 Qxd1+
9.Nxd1 Nc6 10.Be3 Nd5 11.Nd2 Bd7 12.O-O Nxe3 13.Nxe3 Bxc5 14.Nexc4 Ke7 15.
Nb3 Ba7 16.a5 Rhd8 17.Nb6 Bxb6 18.axb6 Be8 19.Rfc1 Rac8 20.f4 Nb4 21.Rxc8 
Rxc8 22.Bxb7 Rc7 23.Be4 Rc8 24.b7 Rb8 25.Rc1 Nd5 26.Bxd5 exd5 27.Na5 Bd7 
28.Kf2 Kd6 29.Ke3 Re8+ 30.Kd2 g6 31.Rc3 h5 32.Kc1 Rb8 33.Kb1 Re8 34.Ka2 
Rb8 35.Kb3 Re8 36.Ka3 Rb8 37.Kb4 Re8 38.Rc5 Rb8 39.e3 Re8 40.e4 dxe4 41.
Nc4+ Ke7 42.Ka5 1-0

[Event "6th Asia-ch"]
[Site "Cebu City PHI"]
[Date "2007.09.26"]
[Round "8.24"]
[White "Nouri, Hamed"]
[Black "Nguyen Anh Dung"]
[Result "0-1"]
[WhiteElo "2426"]
[BlackElo "2537"]
[EventDate "2007.09.19"]
[PlyCount "68"]

1.d4 Nf6 2.c4 e6 3.Nf3 b6 4.Nc3 Bb7 5.Bg5 Be7 6.Qc2 d5 7.Bxf6 Bxf6 8.cxd5 
exd5 9.e3 O-O 10.Bd3 g6 11.h4 c5 12.h5 c4 13.Bxg6 fxg6 14.hxg6 h6 15.Rxh6 
Bg7 16.Rh7 Nc6 17.a3 b5 18.Rh5 Ne7 19.O-O-O b4 20.axb4 a5 21.b5 a4 22.Rdh1
a3 23.Ng5 axb2+ 24.Kd1 Ra1+ 25.Nb1 Rf5 26.g4 Bc8 27.gxf5 Bxf5 28.e4 Bg4+ 
29.f3 Bxh5 30.Rxh5 Qb6 31.Qxb2 Bxd4 32.Qb4 Bf6 33.g7 Qg1+ 34.Ke2 Rxb1 0-1

[Event "6th Asia-ch"]
[Site "Cebu City PHI"]
[Date "2007.09.26"]
[Round "8.25"]
[White "Khader, Sami"]
[Black "Al-Sayed, Mohamad Naser"]
[Result "1/2-1/2"]
[WhiteElo "2422"]
[BlackElo "2469"]
[EventDate "2007.09.19"]
[PlyCount "116"]

1.e4 c6 2.d4 d5 3.exd5 cxd5 4.Bd3 Nc6 5.c3 Qc7 6.Ne2 Bg4 7.f3 Bd7 8.f4 Nh6
9.O-O Bf5 10.Ng3 g6 11.Nxf5 Nxf5 12.Qf3 e6 13.g4 Nd6 14.f5 gxf5 15.gxf5 
O-O-O 16.Bf4 Qb6 17.Kh1 Kb8 18.Nd2 Ka8 19.b4 exf5 20.Qxd5 Ne4 21.Qc4 Nxd2 
22.Bxd2 Ne7 23.Be2 Bh6 24.Bxh6 Qxh6 25.Bf3 Nc8 26.Qxf7 Nd6 27.Qh5 Qe3 28.
Qh3 Kb8 29.Bg2 Qd2 30.Qf3 Rhg8 31.c4 Ne4 32.Qf4+ Qxf4 33.Rxf4 Rxd4 34.Rxf5
Rxc4 35.Rf4 Re8 36.Kg1 Nd6 37.Rxc4 Nxc4 38.Rc1 Nd6 39.Rd1 Kc7 40.Rd4 Re6 
41.a4 Rf6 42.Rg4 h6 43.Rg7+ Kb8 44.b5 Rf4 45.a5 Rf7 46.Rxf7 Nxf7 47.Kf2 
Nd6 48.Bf1 Kc7 49.Kg3 Nf5+ 50.Kf4 Nd4 51.Kg4 Nb3 52.a6 bxa6 53.bxa6 Kd6 
54.Kh5 Ke7 55.Kxh6 Kf6 56.Kh7 Kg5 57.Kg7 Nc5 58.Kf7 Kh4 1/2-1/2

[Event "6th Asia-ch"]
[Site "Cebu City PHI"]
[Date "2007.09.26"]
[Round "8.27"]
[White "Girinath, P. D. S."]
[Black "Bitoon, Richard"]
[Result "1-0"]
[WhiteElo "2440"]
[BlackElo "2399"]
[EventDate "2007.09.19"]
[PlyCount "178"]

1.e4 c5 2.Nf3 g6 3.c3 d5 4.d3 Bg7 5.Qe2 Nc6 6.g3 e5 7.Bg2 Nge7 8.O-O d4 9.
cxd4 cxd4 10.Bd2 O-O 11.b4 a6 12.a4 Be6 13.Ng5 Bd7 14.f4 f6 15.Nf3 b5 16.
Na3 Qb6 17.a5 Qc7 18.Rab1 Qd6 19.Nc2 Rac8 20.Na1 Rc7 21.Qe1 Nd8 22.Nb3 Nb7
23.h4 h6 24.h5 g5 25.fxe5 fxe5 26.Nh2 Be6 27.Bf3 Nc6 28.Bg4 Rxf1+ 29.Kxf1 
Bf8 30.Kg2 Rf7 31.Qe2 Bxg4 32.Nxg4 Qe6 33.Nc1 Nbd8 34.Rb2 Bd6 35.Nb3 Kg7 
36.Na1 Qe7 37.Nc2 Qf8 38.Ne1 Kh7 39.Nf3 Ne6 40.Rc2 Qe8 41.Rxc6 Qxc6 42.
Ngxe5 Bxe5 43.Nxe5 Qc7 44.Nxf7 Qxf7 45.Qf3 Kg7 46.e5 Nd8 47.g4 Qe6 48.Be1 
Nc6 49.Bf2 Nxb4 50.Bxd4 Nd5 51.Qf5 Nf4+ 52.Kf3 Qd5+ 53.Qe4 Kf7 54.Qxd5+ 
Nxd5 55.Ke4 Ke6 56.Bb2 Ne7 57.Ba3 Nd5 58.Bf8 b4 59.d4 b3 60.Kd3 Ne3 61.Kc3
Nxg4 62.Kxb3 Kd5 63.Kc3 Nf2 64.Bxh6 Ne4+ 65.Kd3 Ng3 66.Bxg5 Nxh5 67.Bd8 
Nf4+ 68.Ke3 Ng6 69.Bc7 Nf8 70.Bb8 Ne6 71.Ba7 Nd8 72.Kf4 Nc6 73.Bb6 Ke6 74.
Ke4 Nb4 75.Bc5 Nd5 76.Bd6 Nc3+ 77.Kd3 Nb5 78.Bc5 Kd5 79.Bb6 Na3 80.Ke3 Nb5
81.Kf4 Ke6 82.Ke4 Nc3+ 83.Kd3 Nd5 84.Kc4 Nf4 85.Kc5 Nd3+ 86.Kc6 Nb4+ 87.
Kb7 Kd7 88.Bc7 Nd5 89.Bb8 Nc7 1-0

[Event "6th Asia-ch"]
[Site "Cebu City PHI"]
[Date "2007.09.26"]
[Round "8.28"]
[White "Bancod, Ronald"]
[Black "Nadera, Barlo"]
[Result "1-0"]
[WhiteElo "2373"]
[BlackElo "2402"]
[EventDate "2007.09.19"]
[PlyCount "103"]

1.g3 d5 2.Bg2 c5 3.c4 d4 4.b4 cxb4 5.a3 bxa3 6.Nf3 Nc6 7.Bxa3 g6 8.d3 Bg7 
9.Nbd2 Nf6 10.O-O O-O 11.Nb3 Re8 12.Ra2 e5 13.Nfd2 Qc7 14.Nc5 Rd8 15.Qa4 
Bf8 16.Nce4 Nd7 17.Bxf8 Rxf8 18.Qa3 a5 19.Rb1 Ra6 20.Nc5 Nxc5 21.Qxc5 Bd7 
22.Rab2 Rb8 23.Rb6 Rxb6 24.Rxb6 Ra8 25.Ne4 a4 26.Nf6+ Kg7 27.Nd5 Qb8 28.
Qa3 Ra5 29.h4 h5 30.Kh2 Bg4 31.e3 Bf5 32.exd4 exd4 33.Nf4 Qc7 34.Rb1 Bc8 
35.Qa1 Qd6 36.Rb5 Ra6 37.Rg5 Kf8 38.Rd5 Qf6 39.Qa3+ Qe7 40.Rd6 Nb4 41.Rxd4
Bf5 42.Bxb7 Ra7 43.Be4 Nc6 44.Qa1 Qf6 45.Bxc6 Qxc6 46.Rd8+ Ke7 47.Qh8 Bd7 
48.Qf8+ Kf6 49.Nd5+ Ke5 50.Qg7+ Kd6 51.Qf6+ Kc5 52.Qe7+ 1-0

[Event "6th Asia-ch"]
[Site "Cebu City PHI"]
[Date "2007.09.26"]
[Round "8.29"]
[White "Toufighi, Homayoon"]
[Black "Legaspi, Rhobel"]
[Result "1-0"]
[WhiteElo "2391"]
[BlackElo "2316"]
[EventDate "2007.09.19"]
[PlyCount "58"]

1.e4 c5 2.Nf3 Nc6 3.Bb5 g6 4.O-O Bg7 5.Re1 Nf6 6.e5 Nd5 7.Nc3 Nc7 8.Bxc6 
dxc6 9.Ne4 Ne6 10.d3 O-O 11.Be3 b6 12.Qd2 Re8 13.Bh6 Bh8 14.Neg5 f6 15.Ne4
fxe5 16.Neg5 Qd6 17.Re3 Nd4 18.Rae1 Nf5 19.Rxe5 Bxe5 20.Rxe5 Nd4 21.Qe3 
Nxf3+ 22.Qxf3 Bf5 23.Qf4 Qf6 24.Qc4+ e6 25.Nf3 g5 26.Bxg5 Qf7 27.Qh4 a5 
28.Re3 Bg6 29.Ne5 Qc7 1-0

[Event "6th Asia-ch"]
[Site "Cebu City PHI"]
[Date "2007.09.26"]
[Round "8.31"]
[White "Bagamasbad, Efren"]
[Black "Lalith Babu, Musunuri Rohit"]
[Result "1-0"]
[WhiteElo "2331"]
[BlackElo "2353"]
[EventDate "2007.09.19"]
[PlyCount "75"]

1.e4 Nc6 2.Nf3 d6 3.d4 Nf6 4.c3 Bg4 5.h3 Bd7 6.Bd3 e5 7.d5 Ne7 8.c4 Ng6 9.
Nc3 Be7 10.g3 O-O 11.Bf1 Ne8 12.Bg2 f5 13.exf5 Bxf5 14.O-O Nf6 15.Ng5 Qc8 
16.Kh2 c6 17.Be3 h6 18.Nge4 c5 19.Rc1 a6 20.a3 Qc7 21.Nxf6+ Rxf6 22.Ne4 
Rf7 23.b4 b6 24.bxc5 bxc5 25.Nxc5 Raf8 26.Ne6 Bxe6 27.dxe6 Rf6 28.Qg4 Qa5 
29.Be4 Nh8 30.Rb1 Rc8 31.Rb7 Qd8 32.Rfb1 Qe8 33.Qe2 Ng6 34.c5 dxc5 35.Qxa6
Rd8 36.Qc4 Nf8 37.R1b6 Kh8 38.Bc6 1-0

[Event "6th Asia-ch"]
[Site "Cebu City PHI"]
[Date "2007.09.26"]
[Round "8.32"]
[White "Hussein, Noah A."]
[Black "Bayarmandah, Balgan"]
[Result "1-0"]
[WhiteElo "2341"]
[BlackElo "2208"]
[EventDate "2007.09.19"]
[PlyCount "68"]

1.e4 e5 2.Nc3 Nc6 3.f4 exf4 4.Nf3 Nge7 5.d4 Ng6 6.Bc4 Bb4 7.Qd3 Na5 8.h4 
Nxc4 9.Qxc4 Bxc3+ 10.Qxc3 h5 11.Bd2 d6 12.Qb3 c6 13.Ng5 Qe7 14.O-O-O f6 
15.Nh3 Bxh3 16.Qxh3 Qd7 17.Qa3 Kf7 18.Qf3 Rae8 19.Rde1 d5 20.Qb3 b5 21.
Rhf1 Nxh4 22.g3 Ng2 23.Re2 Ne3 24.Rxf4 Nc4 25.e5 f5 26.Qd3 g6 27.Bb4 Kg7 
28.b3 Nb6 29.Rf1 Na8 30.e6 Qd8 31.Qc3 Qg5+ 32.Kb2 Rc8 33.Qc5 Nb6 34.Bd2 
Qe7 1-0

[Event "6th Asia-ch"]
[Site "Cebu City PHI"]
[Date "2007.09.26"]
[Round "8.33"]
[White "Senador, Emmanuel"]
[Black "Tolentino, Rustum"]
[Result "1-0"]
[WhiteElo "2380"]
[BlackElo "2276"]
[EventDate "2007.09.19"]
[PlyCount "77"]

1.Nf3 f5 2.d3 Nf6 3.e4 fxe4 4.dxe4 Nxe4 5.Bd3 Nf6 6.O-O g6 7.Re1 Bg7 8.Qe2
O-O 9.Qxe7 Qxe7 10.Rxe7 Nc6 11.Re1 Nb4 12.Bc4+ d5 13.Bb3 Bg4 14.Bd2 a5 15.
Nc3 c6 16.Re7 Nd7 17.a3 a4 18.Nxa4 Na6 19.Bc3 Bxc3 20.Nxc3 Ndc5 21.Ne5 Bf5
22.Re1 Nxb3 23.cxb3 Nc5 24.b4 d4 25.bxc5 dxc3 26.bxc3 Rxa3 27.g4 Bc8 28.
Re3 Rf6 29.h3 Ra1+ 30.Kg2 Be6 31.c4 Bc8 32.Re8+ Rf8 33.Re7 Ra5 34.Kg3 Rxc5
35.Rc7 b5 36.cxb5 Rxb5 37.Nxc6 Bb7 38.Nd4 Rb2 39.Ree7 1-0

[Event "6th Asia-ch"]
[Site "Cebu City PHI"]
[Date "2007.09.26"]
[Round "8.34"]
[White "Fancy, Stuart"]
[Black "Makinano, Anthony"]
[Result "0-1"]
[WhiteElo "2152"]
[BlackElo "2317"]
[EventDate "2007.09.19"]
[PlyCount "52"]

1.e4 e5 2.Nf3 Nc6 3.Bb5 a6 4.Bxc6 dxc6 5.O-O f6 6.d4 exd4 7.Nxd4 c5 8.Ne2 
Qxd1 9.Rxd1 Bd7 10.Nbc3 O-O-O 11.Nd5 Be6 12.Bf4 Bxd5 13.Rxd5 Re8 14.Rad1 
g5 15.Bg3 Nh6 16.f4 Ng4 17.Bf2 gxf4 18.h3 Ne3 19.Bxe3 fxe3 20.Kf1 Bd6 21.
Nc3 b5 22.Ke2 b4 23.Na4 Rxe4 24.Nxc5 Rc4 25.Nd3 Rxc2+ 26.Kxe3 Rxg2 0-1